Fundamentos de la ciencia del suelo /
Guardado en:
| Otros Autores: | , |
|---|---|
| Formato: | Libro |
| Idioma: | Spanish |
| Publicado: |
México :
Compañía Editorial Continental,
c1985.
|
| Etiquetas: |
Agregar Etiqueta
Sin Etiquetas, Sea el primero en etiquetar este registro!
|
| LEADER | 00707nam a22001815a 4500 | ||
|---|---|---|---|
| 001 | EEA.libagro004939 | ||
| 005 | 20181018115040.0 | ||
| 008 | 130809s1985####mx#a##########000#0#spa#d | ||
| 020 | |a 9682605849 | ||
| 082 | 0 | 4 | |a 631.4 |
| 245 | 1 | 0 | |a Fundamentos de la ciencia del suelo / |c Henry D. Foth ; traducido por Antonio Mario Ambrosio. |
| 260 | |a México : |b Compañía Editorial Continental, |c c1985. | ||
| 300 | |a 433 p : |b il., fot. col. ; |c 24 cm. | ||
| 500 | |a Título original de la obra: Fundamentals of soil science. | ||
| 700 | 1 | |a Foth, Henry D. | |
| 700 | 1 | |a Ambrosio, Antonio Mario. |4 trl | |
| 859 | |a AR-BbBCA |b BIB. AGRONOMIA |h 631.4 |i F759-1 |p 1995/2193 | ||
| 859 | |a AR-BbBCA |b BIB. AGRONOMIA |h 631.4 |i F759-1 |p 1995/2194 |t Ej.2 | ||
